| 000 | 00994nam a22002897a 4500 | ||
|---|---|---|---|
| 003 | CHAP | ||
| 005 | 20220329133922.0 | ||
| 008 | 971013s1974 r 00010 d | ||
| 010 | _a12672 | ||
| 011 | _a13644 | ||
| 035 | _a17716 | ||
| 040 | _cCHAP | ||
| 082 |
_a589.2 _bH3 |
||
| 100 | 0 | 0 |
_aHawksworth D. L. _953155 |
| 245 |
_aMycologist's handbook _b: an introduction to the principles of taxonomy and nomeclature in the fungi and lichens |
||
| 260 |
_aSurrey : _bCommonwealtlh Mycological Institute, _c1974 |
||
| 300 |
_a231 p. _b: ilus. |
||
| 590 |
_aBATCH-UPD _b10 _c20130110 _lUCH01 _h1637 |
||
| 590 |
_aBATCH-UPD _b10 _c20130410 _lUCH01 _h1028 |
||
| 590 |
_aBATCH-UPD _b10 _c20130914 _lUCH01 _h1620 |
||
| 590 |
_aCONVERSION _b10 _c20130109 _lUCH01 _h1308 |
||
| 650 | 1 | 4 |
_aHongos _xClasificación. _956093 |
| 901 | _aBK | ||
| 942 | _cLIBRO | ||
| 949 |
_a589.2 H3 _bBC _cLIBRO _d33724000361796 _eLIBRO _h52823 _i17716 _si |
||
| 949 |
_a589.2 H3 _bBC _cLIBRO _d33724000361804 _eLIBRO _fc.2 _h52824 _i17716 _si |
||
| 999 |
_c12672 _d12672 |
||